| 000 | 00459nam a2200181Ia 4500 | ||
|---|---|---|---|
| 008 | 230524s9999 xx 000 0 und d | ||
| 020 | _a9788131503744 | ||
| 082 |
_a333.6 _bREI |
||
| 100 | _aFrank K.Reilly | ||
| 245 | 0 | _aInvestment Analysis And Portfolio Management | |
| 250 | _a8TH | ||
| 260 |
_aNEW DELHI _bCengage _c2009 |
||
| 300 | _aXXVII;1147 | ||
| 500 | _aQuantity Number: 2 | ||
| 650 | _aManagement | ||
| 700 | _a Keith C. Brown | ||
| 942 | _cBK | ||
| 999 |
_c43039 _d43039 |
||